01003nam a2200193 a 450000100100000000500170001000800410002702000180006804000250008610000310011124501580014226001150030030000200041570000300043595201050046595201110057095201110068199900170079200003999320201002033843.0130802s2010 mx 000 0 spa d a9786070212345 aDO-SdBNPbspacBNPHU1 aPérez-Tamayo, Ruy96621910aMedicina y Cultura :bdiscurso de ingreso a la Academia mexicana de la Lengua 23 de abril de 1987 /cRuy Pérez Tamayo ; repuesta de Carlos Montemayor,. aMéxico :bDirección General de Publicaciones y Fomento Editorial :bAcademia Mexicana de la Lengua,c2010. a61 p. ;c18 cm.1 aMontemayor, Carlos933611 001050718MOaGRbGRcCTd2013-08-02iLF1l0o p39993-10r2020-06-25w2020-06-25y1ZNo se presta 001050718MOaGRbGRcCTd2013-08-02iLF1l0o p39993-20r2020-06-25te. 3w2020-06-25y1ZNo se presta 001050718MOaGRbGRcCTd2013-08-02iLF1l0o p39993-30r2020-06-25te. 2w2020-06-25y1ZNo se presta c39483d39483